| 000 | 00643nam a2200205Ia 4500 | ||
|---|---|---|---|
| 003 | GCL | ||
| 008 | 140319s9999 xx 000 0 ara d | ||
| 040 |
_aGCL / _cGCL |
||
| 082 | 0 | 4 |
_aم _b953 _bع م |
| 100 | 1 | _aعبدالرحمن بدوى | |
| 245 | 1 | 0 |
_aموسوعة المستشرقين / _cعبدالرحمن بدوى |
| 250 | _aالثالثة | ||
| 260 |
_aبيروت : _bدار العلم للملايين ، _c1993 |
||
| 300 |
_a640 ص ؛ _c30سم |
||
| 650 | 0 | 4 | _aدوائر المعارف |
| 650 | 0 | 4 | _aالاستشراق |
| 650 | 0 | 4 | _aالمستشرقون |
| 650 | 0 | 4 | _aالرجال- تراجم- الشرق |
| 942 |
_2ddc _cREF |
||
| 999 |
_c59675 _d59675 |
||